مكتبة جامعة عجلون الوطنية

فهرس بحث المكتبة

Normal view MARC view
  • الواقعية في القصة العربية - القصة العربية - بلاد الشام - تاريخ ونقد - القرن العشرين - الأردن-سوريا - لبنان 

Entry Topical Term

Number of records used in: 1

001 - CONTROL NUMBER

  • control field: 13399

003 - CONTROL NUMBER IDENTIFIER

  • control field: JO-AjAnu

005 - DATE AND TIME OF LATEST TRANSACTION

  • control field: 20230606072437.0

008 - FIXED-LENGTH DATA ELEMENTS

  • fixed length control field: 230606|| aca||aabn | a|a d

040 ## - CATALOGING SOURCE

  • Original cataloging agency: JO-AjAnu
  • Transcribing agency: JO-AjAnu

150 ## - HEADING--TOPICAL TERM

  • Topical term or geographic name entry element: الواقعية في القصة العربية - القصة العربية - بلاد الشام - تاريخ ونقد - القرن العشرين - الأردن-سوريا - لبنان 

670 ## - SOURCE DATA FOUND

  • Source citation: Work cat.: (JO-AjAnu)6894: الفيومي،إبراهيم حسين عبد الهادي, author 13398, الواقعية في الرواية العربية الحديثة في بلاد الشام [سوريا - لبنان - فلسطين - الأردن] من1939-1967